00648 2200241 4500001002100000005001500021035002000036007000300056008004100059020002200100082001100122084001500133245007500148250001000223260003000233300005000263650002300313710002200336990001200358990001200370990001200382990001200394INLIS00000000000534020200921102051 a0010-0220000058ta200921 b 0 ind  a978-979-29-6853-8 a028.55 a028.55 KOM aKomik Sains Bocah Pintar :bLidah - Indra Pengecap /cSmartKids Studio acet.1 aYogyakarta :bAndi,c2018 a33 hlm. :bilus. ;c28 cm.-- Seri Panca Indra 4aBACAAN KANAK-KANAK2 aSMARTKIDS, Studio a17009 A a17009 B a17009 C a17009 D